000 00628nam a2200265Ia 4500
005 20260121171719.0
008 008 260114s9999 xx 000 0 eng d
020 _a9783030362188
037 _aEBOOK
040 _aCRL
040 _beng
040 _cCRL
041 _2eng
041 _aeng
084 _qCRL
100 _aMihaela Precup
_91079584
245 4 _aThe Graphic Lives of Fathers
260 _bSpringer
260 _bSpringer
260 _c2020
856 _uhttps://link.springer.com/openurl?genre=book&isbn=978-3-030-36218-8
942 _cEBOOK
999 _c1645316
_d1645316